Größte deutsche Stadtgebiete nach Buchstabe - Statistiken

Allgemein
  • Dieses Quiz wurde 166 mal gespielt
    148 seit der letzten Aktualisierung
  • Das Durchschnittsergebnis liegt bei 18 aus 22
Antwortstatistiken
Letter Population City % Korrekt
B 4,400,100 Berlin
100%
D 978,300 Düsseldorf
98%
H 2,825,000 Hamburg
98%
K 2,443,100 Köln
98%
M 1,975,100 München
98%
F 3,225,000 Frankfurt am Main
97%
C 413,200 Chemnitz
95%
J 108,700 Jena
94%
N 899,700 Nürnberg
94%
S 1,363,500 Stuttgart
93%
L 660,000 Leipzig
88%
A 536,200 Aachen
86%
U 176,600 Ulm / Neu-Ulm
80%
W 857,800 Wuppertal
79%
I 142,900 Ingolstadt
78%
Z 127,000 Zwickau
77%
R 4,508,000 Ruhrgebiet
72%
O 259,000 Osnabrück
70%
E 195,200 Erfurt
69%
T 132,600 Trier
56%
P 164,300 Paderborn
52%
G 140,100 Gummersbach
12%
Keine übereinstimmenden Quizze gefunden
Verteilung der Resultate
Anzahl Personen mit jedem Resultat
Perzentil nach korrekt beantworteten Fragen
Ihre Resultats-Entwicklung
Sie haben dieses Quiz seit der letzten Aktualisierung nicht gespielt